[Event "Tata Steel Masters 2019"]
[Site "Wijk aan Zee NED"]
[Date "2019.01.15"]
[Round "4"]
[White "Anand, Viswanathan"]
[Black "Radjabov, Teimour"]
[Result "1/2-1/2"]
[WhiteElo "2773"]
[BlackElo "2757"]
[PlyCount "60"]
[EventDate "2019.01.12"]

1. e4 e5 2. Nf3 Nc6 3. Bb5 Nf6 4. O-O Nxe4 5. Re1 Nd6 6. Nxe5 Be7 7. Bf1 Nxe5
8. Rxe5 O-O 9. d4 Bf6 10. Re1 Re8 11. c3 Rxe1 12. Qxe1 Nf5 13. Bf4 d6 14. Bd3
Be6 15. Nd2 Bg5 16. Qe4 d5 17. Qe5 Bxf4 18. Qxf4 Qd6 19. Qf3 g6 20. Re1 Ng7 21.
Nf1 Re8 22. Ne3 Bf5 23. Bf1 Bd7 24. Qd1 Nf5 25. Nxf5 Rxe1 26. Qxe1 Bxf5 27.
Qe8+ Kg7 28. Qb5 Bc8 29. g3 c6 30. Qe2 Qe6 1/2-1/2

[Event "Tata Steel Masters 2019"]
[Site "Wijk aan Zee NED"]
[Date "2019.01.15"]
[Round "4"]
[White "Mamedyarov, Shakhriyar"]
[Black "Nepomniachtchi, Ian"]
[Result "1/2-1/2"]
[WhiteElo "2817"]
[BlackElo "2763"]
[PlyCount "64"]
[EventDate "2019.01.12"]

1. d4 Nf6 2. c4 g6 3. Nf3 Bg7 4. e3 O-O 5. Be2 d6 6. O-O Nbd7 7. Nc3 e5 8. Qc2
c6 9. b3 Re8 10. Ba3 exd4 11. Nxd4 Nc5 12. Rad1 Qe7 13. b4 Nce4 14. Bb2 Nxc3
15. Qxc3 d5 16. Nb3 Nh5 17. Nd4 Nf6 18. a3 Ne4 19. Qc1 dxc4 20. Bxc4 Bd7 21.
Nb3 Bxb2 22. Qxb2 Rad8 23. Rd4 Nd6 24. Bd3 Nf5 25. Bxf5 Bxf5 26. Na5 Be4 27. f3
Bd3 28. Re1 Qf6 29. Rd1 Rxd4 30. Qxd4 Qxd4 31. exd4 Ba6 32. a4 Re6 1/2-1/2

[Event "Tata Steel Masters 2019"]
[Site "Wijk aan Zee NED"]
[Date "2019.01.15"]
[Round "4"]
[White "Duda, Jan-Krzysztof"]
[Black "Shankland, Samuel"]
[Result "1/2-1/2"]
[WhiteElo "2738"]
[BlackElo "2725"]
[PlyCount "62"]
[EventDate "2019.01.12"]

1. e4 c5 2. Nf3 e6 3. d4 cxd4 4. Nxd4 Nc6 5. Nc3 Qc7 6. Be3 a6 7. Qd2 Nf6 8.
O-O-O Be7 9. f4 b5 10. e5 b4 11. exf6 bxc3 12. Qxc3 Bxf6 13. g4 h6 14. h4 Bb7
15. Rh2 Qd6 16. Qd2 Bxd4 17. Bxd4 Qxd4 18. Qxd4 Nxd4 19. Rxd4 Ke7 20. Rhd2 Bc6
21. Bg2 Bxg2 22. Rxd7+ Ke8 23. Rc7 Bf3 24. Rdd7 Bxg4 25. Re7+ Kd8 26. Red7+ Ke8
27. Rxf7 g6 28. Rfe7+ Kd8 29. Red7+ Ke8 30. Re7+ Kd8 31. Red7+ Ke8 1/2-1/2

[Event "Tata Steel Masters 2019"]
[Site "Wijk aan Zee NED"]
[Date "2019.01.15"]
[Round "4"]
[White "Vidit, Santosh Gujrathi"]
[Black "Van Foreest, Jorden"]
[Result "1-0"]
[WhiteElo "2695"]
[BlackElo "2612"]
[PlyCount "101"]
[EventDate "2019.01.12"]

1. d4 Nf6 2. c4 e6 3. Nf3 d5 4. g3 dxc4 5. Bg2 c5 6. O-O Nc6 7. dxc5 Qxd1 8.
Rxd1 Bxc5 9. Nbd2 c3 10. bxc3 O-O 11. Nb3 Be7 12. c4 Bd7 13. Bb2 Rfd8 14. Nfd4
Rac8 15. Nb5 b6 16. Nd6 Bxd6 17. Rxd6 Be8 18. Rd3 h6 19. Rad1 Rd7 20. Rxd7 Nxd7
21. Rc1 Nc5 22. Nxc5 bxc5 23. Kf1 Rb8 24. Bxc6 Bxc6 25. Ba3 Be4 26. f3 Bb1 27.
Bxc5 Bxa2 28. Bxa7 Rb1 29. Rxb1 Bxb1 30. c5 Kf8 31. Bb8 Ke7 32. Bd6+ Ke8 33. c6
Kd8 34. Kf2 Bc2 35. h4 h5 36. Ke3 Ba4 37. c7+ Kd7 38. g4 g6 39. Kf4 Bb5 40. Kg5
Ba6 41. gxh5 gxh5 42. Bh2 Bxe2 43. Kxh5 f6 44. Kg6 e5 45. Kxf6 Kxc7 46. Bxe5+
Kd7 47. f4 Ke8 48. Bd6 Bh5 49. Kg5 Bf7 50. h5 Bg8 51. Kf6 1-0

[Event "Tata Steel Challengers 2019"]
[Site "Wijk aan Zee NED"]
[Date "2019.01.16"]
[Round "5"]
[White "Saduakassova, Dinara"]
[Black "Bareev, Evgeny"]
[Result "0-1"]
[WhiteElo "2472"]
[BlackElo "2650"]
[PlyCount "116"]
[EventDate "2019.01.12"]

1. d4 Nf6 2. c4 c5 3. d5 b5 4. cxb5 a6 5. bxa6 Bxa6 6. Nc3 g6 7. Nf3 Qa5 8. Bd2
Bg7 9. e4 d6 10. Be2 O-O 11. O-O Nbd7 12. a4 Qb6 13. Bxa6 Rxa6 14. Qc2 Rc8 15.
Nb5 Qb7 16. Na3 Rb8 17. Bc3 Qb3 18. Qxb3 Rxb3 19. Nd2 Rb8 20. Nb5 Ne8 21. Bxg7
Kxg7 22. Nc4 Ne5 23. Ne3 g5 24. b3 Rb7 25. Nc4 Nxc4 26. bxc4 Nf6 27. f3 Nd7 28.
Rab1 Rbb6 29. Ra1 Ne5 30. Rfc1 Ra5 31. Ra2 Kf6 32. Kf1 Nxc4 33. Rxc4 Rbxb5 34.
Ke2 Rb3 35. Kd2 e6 36. Kc2 Rb7 37. Ra3 Rba7 38. g3 exd5 39. exd5 Ke5 40. h4 h6
41. hxg5 hxg5 42. Rg4 f6 43. Re4+ Kxd5 44. Rd3+ Kc6 45. Re6 Rd7 46. Kb3 f5 47.
Rg6 Ra8 48. Rf6 g4 49. f4 Rb8+ 50. Kc2 c4 51. Ra3 Kc5 52. a5 Rdb7 53. Ra2 Rh7
54. Ra4 Rh2+ 55. Kc1 Rh1+ 56. Kc2 Re8 57. Kd2 Rh2+ 58. Kd1 Kb5 0-1

[Event "Tata Steel Challengers 2019"]
[Site "Wijk aan Zee NED"]
[Date "2019.01.16"]
[Round "5"]
[White "Praggnanandhaa, R."]
[Black "Maghsoodloo, Parham"]
[Result "1/2-1/2"]
[WhiteElo "2539"]
[BlackElo "2679"]
[PlyCount "60"]
[EventDate "2019.01.12"]

1. e4 e5 2. Nf3 Nc6 3. Bc4 Bc5 4. c3 Nf6 5. d3 a6 6. a4 Ba7 7. O-O d6 8. Nbd2
h6 9. Re1 Nh5 10. Nf1 Qf6 11. Ne3 Bxe3 12. Bxe3 Nf4 13. Nd2 g5 14. d4 O-O 15.
Nf1 Ne7 16. dxe5 dxe5 17. Bc5 Be6 18. Bxe7 Qxe7 19. Ne3 Bxc4 20. Nxc4 Rad8 21.
Qc2 Qe6 22. Ne3 Rd7 23. Rad1 Rfd8 24. Rxd7 Rxd7 25. Rd1 Nh5 26. Nf5 Kh7 27. h3
Ng7 28. Ne3 Ne8 29. Nf5 Ng7 30. Ne3 Ne8 1/2-1/2

[Event "Tata Steel Challengers 2019"]
[Site "Wijk aan Zee NED"]
[Date "2019.01.16"]
[Round "5"]
[White "Esipenko, Andrey"]
[Black "Paehtz, Elisabeth"]
[Result "1/2-1/2"]
[WhiteElo "2584"]
[BlackElo "2477"]
[PlyCount "85"]
[EventDate "2019.01.12"]

1. d4 d5 2. c4 c6 3. Nf3 Nf6 4. Qb3 dxc4 5. Qxc4 Bf5 6. g3 e6 7. Bg2 Be7 8. O-O
O-O 9. Nc3 Nbd7 10. Re1 Ne4 11. a4 Nxc3 12. bxc3 Be4 13. e3 c5 14. Qe2 Rc8 15.
Bb2 cxd4 16. exd4 Bd5 17. a5 Qc7 18. Nd2 Bxg2 19. Kxg2 Qc6+ 20. f3 Nf6 21. Rec1
Rc7 22. c4 Qa6 23. Kf2 Rfc8 24. c5 Qc6 25. Nc4 Nd7 26. Bc3 Qa6 27. Bd2 e5 28.
Nxe5 Qxe2+ 29. Kxe2 Nxe5 30. dxe5 Rxc5 31. Rxc5 Rxc5 32. f4 Rb5 33. Rc1 Bc5 34.
Kd3 g6 35. Bc3 h5 36. Kc4 a6 37. Rd1 Be7 38. h3 Rc5+ 39. Kb3 Rb5+ 40. Kc2 Kf8
41. g4 hxg4 42. hxg4 Ke8 43. Ra1 1/2-1/2

[Event "Tata Steel Challengers 2019"]
[Site "Wijk aan Zee NED"]
[Date "2019.01.16"]
[Round "5"]
[White "Van Foreest, Lucas"]
[Black "L'Ami, Erwin"]
[Result "1/2-1/2"]
[WhiteElo "2502"]
[BlackElo "2643"]
[PlyCount "71"]
[EventDate "2019.01.12"]

1. e4 c5 2. Nf3 d6 3. d4 cxd4 4. Nxd4 Nf6 5. Nc3 Nc6 6. f3 e5 7. Nb3 Be6 8. Nd5
Be7 9. Be3 O-O 10. c3 Bxd5 11. exd5 Nb8 12. Be2 Nbd7 13. O-O Qc8 14. Bf2 Bd8
15. Kh1 Bb6 16. Bh4 Re8 17. a4 a6 18. a5 Ba7 19. Ra4 Nh5 20. Rc4 Qb8 21. g3
Nhf6 22. f4 exf4 23. Rcxf4 Be3 24. R4f3 Qd8 25. Bd3 h6 26. Bxf6 Nxf6 27. Bc2
Qd7 28. Qd3 Bg5 29. Nd4 Qh3 30. Nf5 Re5 31. g4 Qxg4 32. Rg1 Qh5 33. Ng3 Qg4 34.
Nf5 Qh5 35. Ng3 Qg4 36. Nf5 1/2-1/2

[Event "Tata Steel Challengers 2019"]
[Site "Wijk aan Zee NED"]
[Date "2019.01.16"]
[Round "5"]
[White "Kuipers, Stefan"]
[Black "Korobov, Anton"]
[Result "0-1"]
[WhiteElo "2470"]
[BlackElo "2699"]
[PlyCount "74"]
[EventDate "2019.01.12"]

1. e4 c5 2. Nf3 Nc6 3. d4 cxd4 4. Nxd4 Qb6 5. Nb3 e6 6. Nc3 Nf6 7. Bd3 Be7 8.
Qe2 d6 9. O-O a6 10. Be3 Qc7 11. f4 b5 12. a4 b4 13. Nb1 O-O 14. N1d2 a5 15.
Kh1 Bb7 16. Nc4 d5 17. Bb6 Qb8 18. exd5 Nxd5 19. Qf2 g6 20. Bc5 Ba6 21. Rad1
Rd8 22. Ne5 Bxc5 23. Nxc5 Bxd3 24. Rxd3 Qc7 25. Rh3 Nf6 26. Ncd3 h5 27. Re1
Rac8 28. c3 bxc3 29. bxc3 Ne7 30. c4 Nf5 31. Rf3 Ng4 32. Qg1 Qe7 33. g3 Kg7 34.
h3 Nxe5 35. Nxe5 f6 36. Nd3 Rxc4 37. Qb6 Rd6 0-1

[Event "Tata Steel Challengers 2019"]
[Site "Wijk aan Zee NED"]
[Date "2019.01.16"]
[Round "5"]
[White "Gledura, Benjamin"]
[Black "Kovalev, Vladislav"]
[Result "0-1"]
[WhiteElo "2615"]
[BlackElo "2687"]
[PlyCount "84"]
[EventDate "2019.01.12"]

1. e4 e5 2. Nf3 Nc6 3. Bc4 Bc5 4. d3 Nf6 5. O-O d6 6. c3 a5 7. Re1 O-O 8. h3 h6
9. Nbd2 Be6 10. Bb5 Qb8 11. Bxc6 bxc6 12. d4 exd4 13. cxd4 Bb4 14. Re2 a4 15.
a3 Ba5 16. e5 Nd5 17. Ne4 f5 18. Ng3 Nb6 19. d5 Bxd5 20. Nd4 f4 21. Ngf5 Rxf5
22. Nxf5 Qf8 23. Nd4 c5 24. Nf3 Bb3 25. Qd3 Bc4 26. Qc2 d5 27. e6 Bxe2 28. Qxe2
Nc4 29. Ne5 Nxe5 30. Qxe5 Qd6 31. Bxf4 Qxe5 32. Bxe5 Re8 33. Rd1 Rxe6 34. Bc3
Bxc3 35. bxc3 c6 36. c4 dxc4 37. f3 Re3 38. Rc1 Rxa3 39. Rxc4 Ra1+ 40. Kf2 a3
41. Rxc5 a2 42. Rc2 Rf1+ 0-1

[Event "Tata Steel Challengers 2019"]
[Site "Wijk aan Zee NED"]
[Date "2019.01.16"]
[Round "5"]
[White "Chigaev, Maksim"]
[Black "Keymer, Vincent"]
[Result "1/2-1/2"]
[WhiteElo "2604"]
[BlackElo "2500"]
[PlyCount "61"]
[EventDate "2019.01.12"]

1. e4 c5 2. Nf3 d6 3. d4 cxd4 4. Nxd4 Nf6 5. Nc3 a6 6. Be3 e5 7. Nf3 Be7 8. Bc4
Be6 9. Bb3 Nbd7 10. O-O Rc8 11. Bg5 O-O 12. Bxf6 Nxf6 13. Qe2 b5 14. Rfd1 Rc5
15. Ne1 Qb6 16. Kh1 a5 17. f3 a4 18. Bxe6 fxe6 19. a3 Rc4 20. Nd3 Rfc8 21. Rab1
Qb8 22. Rd2 Bd8 23. Nd1 Bb6 24. c3 d5 25. N1f2 d4 26. cxd4 Bxd4 27. Rbd1 Qb6
28. Nb4 Nd7 29. Nfd3 Nc5 30. Nxc5 Qxc5 31. g3 1/2-1/2

[Event "Tata Steel Masters 2019"]
[Site "Wijk aan Zee NED"]
[Date "2019.01.16"]
[Round "5"]
[White "Fedoseev, Vladimir3"]
[Black "Vidit, Santosh Gujrathi"]
[Result "1/2-1/2"]
[WhiteElo "2724"]
[BlackElo "2695"]
[PlyCount "148"]
[EventDate "2019.01.12"]

1. d4 Nf6 2. c4 e6 3. Nc3 Bb4 4. Qc2 O-O 5. a3 Bxc3+ 6. Qxc3 d5 7. e3 b6 8.
cxd5 exd5 9. Bd3 Ba6 10. Ne2 c5 11. b3 Ne4 12. Qc2 Bxd3 13. Qxd3 Nc6 14. Bb2
cxd4 15. Nxd4 Nc5 16. Qd1 Nxd4 17. Bxd4 Ne6 18. O-O Qh4 19. Bb2 Rad8 20. Rc1
Rd7 21. f4 Qe7 22. b4 f6 23. Qb3 Qf7 24. Rfd1 Rfd8 25. h3 Qg6 26. a4 Qe4 27. a5
bxa5 28. bxa5 Kf7 29. Kh2 h5 30. Bd4 Re7 31. Rc3 Rdd7 32. a6 h4 33. Qb2 Rc7 34.
Qf2 Rxc3 35. Bxc3 Rc7 36. Be1 Rc2 37. Rd2 Rxd2 38. Bxd2 Qd3 39. Bb4 Qc4 40. Be1
Qxa6 41. Qxh4 Qe2 42. f5 Ng5 43. Qg3 Kg8 44. Bc3 Qb5 45. Qc7 Ne4 46. Bd4 a5 47.
Qe7 a4 48. Bb2 Qb8+ 49. Kg1 Qc8 50. Kh2 Qb8+ 51. Kg1 Qc8 52. Kh2 Kh7 53. Qa7
Qf8 54. Bd4 a3 55. Kg1 Qb4 56. Kh2 Qd6+ 57. Kg1 Qb4 58. Kh2 Qb3 59. Qa8 a2 60.
Qe8 Qa3 61. Ba1 Qd6+ 62. Kg1 Qc5 63. Qg6+ Kg8 64. Qe8+ Qf8 65. Qa4 Qc8 66. Qxa2
Qc1+ 67. Kh2 Qc7+ 68. Kg1 Qc1+ 69. Kh2 Nd2 70. Bb2 Qe1 71. Qxd5+ Kh7 72. Bc3
Nf1+ 73. Kg1 Nd2+ 74. Kh2 Nf1+ 1/2-1/2

[Event "Tata Steel Masters 2019"]
[Site "Wijk aan Zee NED"]
[Date "2019.01.16"]
[Round "5"]
[White "Radjabov, Teimour"]
[Black "Duda, Jan-Krzysztof"]
[Result "1/2-1/2"]
[WhiteElo "2757"]
[BlackElo "2738"]
[PlyCount "60"]
[EventDate "2019.01.12"]

1. e4 e5 2. Bc4 Nf6 3. d3 c6 4. Nf3 d5 5. Bb3 Bb4+ 6. Bd2 Bxd2+ 7. Qxd2 a5 8.
a4 O-O 9. exd5 Nxd5 10. O-O f6 11. h3 Be6 12. d4 e4 13. Re1 Bxh3 14. Rxe4 Bf5
15. Re2 Kh8 16. Nc3 b6 17. Rae1 Ra7 18. Nxd5 cxd5 19. Qf4 Bg6 20. c3 Rd7 21.
Nh4 Bh5 22. Re3 g5 23. Qf5 Nc6 24. Nf3 Ne7 25. Qb1 Ng6 26. Bc2 Rg7 27. Bf5 Ne7
28. Bd3 Ng6 29. Bf5 Ne7 30. Bd3 Ng6 1/2-1/2

[Event "Tata Steel Masters 2019"]
[Site "Wijk aan Zee NED"]
[Date "2019.01.16"]
[Round "5"]
[White "Shankland, Samuel"]
[Black "Ding, Liren"]
[Result "0-1"]
[WhiteElo "2725"]
[BlackElo "2813"]
[PlyCount "66"]
[EventDate "2019.01.12"]

1. e4 e5 2. Nf3 Nc6 3. Bb5 a6 4. Ba4 Nf6 5. O-O Be7 6. Re1 b5 7. Bb3 O-O 8. h3
Bb7 9. d3 d6 10. c3 Na5 11. Bc2 c5 12. Nbd2 Re8 13. Nf1 h6 14. Ne3 Bf8 15. b4
cxb4 16. cxb4 Nc6 17. a3 d5 18. Ng4 Nxg4 19. hxg4 dxe4 20. dxe4 Qxd1 21. Rxd1
a5 22. bxa5 Nxa5 23. Rb1 Bc6 24. Nd2 Red8 25. Kf1 Nb7 26. Rb3 Bd7 27. f3 Rac8
28. Bb1 b4 29. Rb2 Ba4 30. Re1 Rc7 31. Ba2 bxa3 32. Rb6 Bc5 33. Rb1 Bc2 0-1

[Event "Tata Steel Masters 2019"]
[Site "Wijk aan Zee NED"]
[Date "2019.01.16"]
[Round "5"]
[White "Kramnik, Vladimir"]
[Black "Mamedyarov, Shakhriyar"]
[Result "1/2-1/2"]
[WhiteElo "2777"]
[BlackElo "2817"]
[PlyCount "61"]
[EventDate "2019.01.12"]

1. e4 e5 2. Nf3 Nc6 3. Bb5 a6 4. Ba4 Nf6 5. O-O Nxe4 6. d4 b5 7. Bb3 d5 8. dxe5
Be6 9. Nbd2 Nc5 10. c3 d4 11. Bxe6 Nxe6 12. cxd4 Ncxd4 13. a4 Bc5 14. Ne4 Bb6
15. Nfg5 Qd5 16. Nxe6 Qxe6 17. axb5 a5 18. b4 a4 19. Be3 Qxe5 20. Nc3 Ne6 21.
Bxb6 Qxc3 22. Bc5 Nxc5 23. bxc5 O-O 24. Rxa4 Qxc5 25. Rxa8 Rxa8 26. Qc1 Qxb5
27. Qxc7 Qb8 28. Qxb8+ Rxb8 29. h3 h6 30. f3 f6 31. Kh1 1/2-1/2

[Event "Tata Steel Masters 2019"]
[Site "Wijk aan Zee NED"]
[Date "2019.01.16"]
[Round "5"]
[White "Nepomniachtchi, Ian"]
[Black "Rapport, Richard"]
[Result "1/2-1/2"]
[WhiteElo "2763"]
[BlackElo "2731"]
[PlyCount "75"]
[EventDate "2019.01.12"]

1. e4 e5 2. Nf3 Nc6 3. Bb5 a6 4. Ba4 Nf6 5. O-O d6 6. c3 Nxe4 7. d4 Bd7 8. Re1
Nf6 9. Bxc6 Bxc6 10. dxe5 dxe5 11. Qxd8+ Kxd8 12. Nxe5 Be8 13. Bg5 h6 14. Bxf6+
gxf6 15. Ng4 Be7 16. Nd2 Bd7 17. Ne3 Be6 18. Nb3 Kc8 19. Nd4 Bd7 20. Rad1 a5
21. Nd5 Bd8 22. Nb3 b6 23. Nd4 a4 24. c4 Ra5 25. f4 c6 26. Nc3 Re8 27. Rxe8
Bxe8 28. Kf2 Bd7 29. Rd3 Bc7 30. Kf3 Rc5 31. b3 axb3 32. axb3 f5 33. Re3 Kd8
34. Nd1 b5 35. Rd3 bxc4 36. bxc4 Rxc4 37. Ne3 Ra4 38. Nxc6+ 1/2-1/2

[Event "Tata Steel Masters 2019"]
[Site "Wijk aan Zee NED"]
[Date "2019.01.16"]
[Round "5"]
[White "Van Foreest, Jorden"]
[Black "Carlsen, Magnus"]
[Result "0-1"]
[WhiteElo "2612"]
[BlackElo "2835"]
[PlyCount "66"]
[EventDate "2019.01.12"]

1. e4 c5 2. Nf3 Nc6 3. d4 cxd4 4. Nxd4 Nf6 5. Nc3 e5 6. Ndb5 d6 7. Nd5 Nxd5 8.
exd5 Ne7 9. c4 Ng6 10. Qa4 Bd7 11. Qb4 Qb8 12. h4 h5 13. Be3 a6 14. Nc3 f5 15.
O-O-O Be7 16. g3 O-O 17. Be2 e4 18. Bd4 Bf6 19. Bxf6 Rxf6 20. Qb6 Ne5 21. Kb1
Be8 22. Rd2 Nd7 23. Qd4 Qc7 24. Nd1 Ne5 25. Ne3 f4 26. gxf4 Rxf4 27. Rg1 Bg6
28. Ka1 Raf8 29. c5 Rxf2 30. Qc3 Qxc5 31. Qxc5 dxc5 32. d6 Kh7 33. d7 Nf3 0-1

[Event "Tata Steel Masters 2019"]
[Site "Wijk aan Zee NED"]
[Date "2019.01.16"]
[Round "5"]
[White "Giri, Anish"]
[Black "Anand, Viswanathan"]
[Result "1/2-1/2"]
[WhiteElo "2783"]
[BlackElo "2773"]
[PlyCount "43"]
[EventDate "2019.01.12"]

1. e4 e5 2. Nf3 Nc6 3. Bc4 Bc5 4. c3 Nf6 5. d3 d6 6. O-O a6 7. a4 O-O 8. Re1 a5
9. h3 h6 10. Nbd2 Be6 11. Bb5 Na7 12. d4 Nxb5 13. axb5 exd4 14. Nxd4 Re8 15.
Nf1 Bc4 16. Ng3 d5 17. e5 Ne4 18. Nxe4 dxe4 19. Rxe4 Qd5 20. Qf3 Bxd4 21. cxd4
Re6 22. Rf4 1/2-1/2

[Event "Tata Steel Challengers 2019"]
[Site "Wijk aan Zee NED"]
[Date "2019.01.18"]
[Round "6"]
[White "Kuipers, S."]
[Black "Esipenko, Andrey"]
[Result "1/2-1/2"]
[WhiteElo "2470"]
[BlackElo "2584"]
[PlyCount "69"]
[EventDate "2019.01.11"]

1. e4 e5 2. Nf3 Nc6 3. Bc4 Bc5 4. c3 Nf6 5. d3 d6 6. Bg5 h6 7. Bh4 g5 8. Bg3
O-O 9. Bb3 a6 10. Nbd2 Ba7 11. Qe2 Nh5 12. h3 Ne7 13. Nh2 Nf4 14. Bxf4 gxf4 15.
g3 Ng6 16. h4 Qf6 17. Qf3 Kh8 18. h5 Ne7 19. gxf4 Qxf4 20. Qxf4 exf4 21. Nhf3
b5 22. Rh4 Be6 23. Rxf4 Bxb3 24. axb3 f5 25. Kf1 Bb6 26. Re1 fxe4 27. Rxf8+
Rxf8 28. dxe4 d5 29. Kg2 Rg8+ 30. Kf1 Rf8 31. c4 dxe4 32. Rxe4 Ng8 33. cxb5
axb5 34. Re5 Nf6 35. Rxb5 1/2-1/2

[Event "Tata Steel Challengers 2019"]
[Site "Wijk aan Zee NED"]
[Date "2019.01.18"]
[Round "6"]
[White "L'Ami, E."]
[Black "Gledura, B."]
[Result "0-1"]
[WhiteElo "2643"]
[BlackElo "2615"]
[PlyCount "98"]
[EventDate "2019.01.11"]

1. e4 e5 2. Nf3 Nc6 3. Bb5 a6 4. Ba4 Nf6 5. O-O Be7 6. Re1 b5 7. Bb3 d6 8. c3
O-O 9. h3 Bb7 10. d4 Re8 11. Nbd2 Bf8 12. Bc2 g6 13. b3 d5 14. Bb2 exd4 15.
cxd4 Nb4 16. e5 Nh5 17. a3 Nxc2 18. Qxc2 Nf4 19. b4 a5 20. Bc3 axb4 21. axb4
Rxa1 22. Rxa1 Bc8 23. Nb3 Bf5 24. Qd1 Be4 25. Kh2 Qd7 26. Ra6 Qc8 27. Rc6 Re6
28. Rxe6 Qxe6 29. Ng5 Qf5 30. Qg4 Be7 31. Nxe4 dxe4 32. Qxf5 gxf5 33. Nc1 Nd5
34. Na2 c6 35. Bd2 f6 36. Kg3 Kf7 37. f4 Ke6 38. Kf2 h5 39. g3 Nb6 40. Nc1 Kd5
41. Nb3 Nc4 42. Bc3 Na3 43. Na1 Kc4 44. Bb2 Kxb4 45. d5 cxd5 46. exf6 Bc5+ 47.
Ke1 d4 48. f7 Kc4 49. Kd1 Bf8 0-1

[Event "Tata Steel Challengers 2019"]
[Site "Wijk aan Zee NED"]
[Date "2019.01.18"]
[Round "6"]
[White "Korobov, A."]
[Black "Bareev, E."]
[Result "1/2-1/2"]
[WhiteElo "2699"]
[BlackElo "2650"]
[PlyCount "73"]
[EventDate "2019.01.11"]

1. d4 d5 2. c4 c6 3. Nf3 Nf6 4. Nc3 dxc4 5. a4 Bf5 6. e3 e6 7. Bxc4 Bb4 8. O-O
O-O 9. Qe2 Nbd7 10. e4 Bg6 11. Bd3 h6 12. Rd1 a6 13. Bf4 Qe7 14. h3 Rac8 15.
Rac1 c5 16. e5 Bxd3 17. Qxd3 Bxc3 18. exf6 Qxf6 19. Bd6 Bxb2 20. Rc2 Bxd4 21.
Bxf8 Rxf8 22. Nxd4 cxd4 23. Qxd4 Qxd4 24. Rxd4 Nf6 25. Rc7 b6 26. Ra7 a5 27.
Rb7 Nd5 28. f4 g6 29. g4 Kg7 30. f5 Kf6 31. fxe6 fxe6 32. Kh2 Rc8 33. Rd3 Rc4
34. Rf3+ Ke5 35. Ra3 h5 36. gxh5 gxh5 37. Rg7 1/2-1/2

[Event "Tata Steel Challengers 2019"]
[Site "Wijk aan Zee NED"]
[Date "2019.01.18"]
[Round "6"]
[White "Keymer, Vincent"]
[Black "Van Foreest, Lucas"]
[Result "1/2-1/2"]
[WhiteElo "2500"]
[BlackElo "2502"]
[PlyCount "65"]
[EventDate "2019.01.11"]

1. c4 e6 2. Nc3 Nf6 3. e4 d5 4. cxd5 exd5 5. e5 Ne4 6. Nf3 Be7 7. Qa4+ Bd7 8.
Qb3 Nc5 9. Qd1 Bf5 10. d4 Ne4 11. Bd3 O-O 12. O-O c5 13. Be3 cxd4 14. Nxd4 Nxc3
15. bxc3 Bxd3 16. Qxd3 Nd7 17. Nf3 Nc5 18. Bxc5 Bxc5 19. Rfd1 Rc8 20. Rab1 Bb6
21. Rb5 h6 22. Rxd5 Qc7 23. Rc1 Qc4 24. Rc2 Rc6 25. g3 Rfc8 26. Kg2 Qxd3 27.
Rxd3 Ba5 28. Rd7 Rxc3 29. Rxc3 Rxc3 30. Rxb7 Rc2 31. Nd4 Rd2 32. Nb3 Rxa2 33.
Rxa7 1/2-1/2

[Event "Tata Steel Challengers 2019"]
[Site "Wijk aan Zee NED"]
[Date "2019.01.18"]
[Round "6"]
[White "Maghsoodloo, Parham"]
[Black "Chigaev, M."]
[Result "0-1"]
[WhiteElo "2679"]
[BlackElo "2604"]
[PlyCount "162"]
[EventDate "2019.01.11"]

1. e4 e5 2. Nf3 Nc6 3. Bc4 Bc5 4. c3 Nf6 5. d4 exd4 6. e5 d5 7. Bb5 Ne4 8. cxd4
Bb6 9. Nc3 O-O 10. Be3 Bg4 11. h3 Bh5 12. Qc2 Nxc3 13. bxc3 f6 14. exf6 Qxf6
15. Be2 Bg6 16. Qb3 Qd6 17. O-O Rae8 18. a4 a6 19. Rae1 Kh8 20. Qa2 Qd8 21. Bg5
Qd6 22. Bc1 Qd8 23. Nh2 Be4 24. Ng4 Rf7 25. Ne3 Ne7 26. f3 Bg6 27. Ba3 c6 28.
Qd2 Bc7 29. Bd3 Bg3 30. Re2 Bxd3 31. Qxd3 Ng6 32. Ng4 Nf4 33. Rxe8+ Qxe8 34.
Qc2 Ne2+ 35. Kh1 Bf4 36. Rd1 h5 37. Ne5 Ng3+ 38. Kg1 Bxe5 39. dxe5 Qxe5 40. Bb2
Ne2+ 41. Kh1 Qe3 42. Bc1 Qf2 43. Qd3 Re7 44. Kh2 Re6 45. Bd2 Ng3 46. Qd4 Nf1+
47. Kh1 Qxd4 48. cxd4 Nxd2 49. Rxd2 Re1+ 50. Kh2 Ra1 51. Kg3 Kh7 52. Kf4 Kg6
53. Ke5 Rxa4 54. g4 hxg4 55. hxg4 Ra3 56. Rb2 Rxf3 57. Rxb7 Rc3 58. Ra7 a5 59.
Rxa5 Kg5 60. Ra1 g6 61. Rg1 Rc4 62. Ra1 c5 63. dxc5 Rxc5 64. Ra6 Rc4 65. Kxd5
Rxg4 66. Ke5 Rb4 67. Ra1 Kh5 68. Rh1+ Rh4 69. Rf1 g5 70. Kf5 Rh3 71. Ke4 Kg4
72. Rg1+ Rg3 73. Rf1 Ra3 74. Rg1+ Kh4 75. Rh1+ Rh3 76. Rf1 g4 77. Kf4 Rh2 78.
Ra1 Rf2+ 79. Ke3 g3 80. Rh1+ Kg4 81. Rh7 Rf1 0-1

[Event "Tata Steel Challengers 2019"]
[Site "Wijk aan Zee NED"]
[Date "2019.01.18"]
[Round "6"]
[White "Kovalev, Vl"]
[Black "Saduakassova, D."]
[Result "1-0"]
[WhiteElo "2687"]
[BlackElo "2472"]
[PlyCount "137"]
[EventDate "2019.01.11"]

1. e4 e5 2. Nf3 Nf6 3. Nxe5 d6 4. Nf3 Nxe4 5. Qe2 Qe7 6. Nc3 Nxc3 7. dxc3 Qxe2+
8. Bxe2 Nc6 9. Be3 Be7 10. O-O-O O-O 11. Rde1 Bf6 12. h4 Bg4 13. Bg5 Bd8 14.
Kd2 h6 15. Be3 Bf6 16. h5 a6 17. Nh2 Be6 18. b3 d5 19. Nf3 Rad8 20. Nd4 Nxd4
21. cxd4 Be7 22. Rhg1 Bf5 23. c3 Rfe8 24. g4 Be4 25. a4 Kf8 26. f3 Bh7 27. Bd3
Bxd3 28. Kxd3 Bd6 29. Ref1 Re6 30. Bd2 Rde8 31. Rg2 c6 32. f4 f5 33. gxf5 Rf6
34. Rfg1 Re7 35. Rg6 Ref7 36. Ke2 Be7 37. Rxf6 Rxf6 38. Kf3 Rxf5 39. Kg4 Rf7
40. Re1 Bf6 41. Bc1 Rd7 42. Ba3+ Kf7 43. Kf5 Rd8 44. Re6 Bh4 45. Bd6 Rd7 46.
Be5 Be7 47. Rg6 Bf8 48. Kg4 Ke8 49. f5 Rf7 50. f6 gxf6 51. Bxf6 Kd7 52. a5 Ke8
53. Kf5 Kd7 54. c4 dxc4 55. bxc4 Kd6 56. Ke4 Kd7 57. Kf5 Kd6 58. Ke4 Kd7 59. c5
Rh7 60. Kf5 Rf7 61. Ke5 Rh7 62. Rg8 Ke8 63. Ke6 Rf7 64. Rh8 Rc7 65. Kf5 Rd7 66.
Kg6 Rf7 67. Rg8 Rd7 68. Be5 Rd5 69. Kf6 1-0

[Event "Tata Steel Masters 2019"]
[Site "Wijk aan Zee NED"]
[Date "2019.01.18"]
[Round "6"]
[White "Carlsen, M."]
[Black "Mamedyarov, S."]
[Result "1-0"]
[WhiteElo "2835"]
[BlackElo "2817"]
[PlyCount "101"]
[EventDate "2019.01.11"]

1. Nf3 d5 2. d4 Nf6 3. c4 dxc4 4. e3 e6 5. Bxc4 c5 6. O-O a6 7. b3 b6 8. dxc5
Qxd1 9. Rxd1 Bxc5 10. Bb2 Nbd7 11. Nbd2 Bb7 12. Be2 O-O 13. Nc4 Rfd8 14. Ne1
Bd5 15. Rac1 Rac8 16. Nd3 Be7 17. Nce5 Bb7 18. Nc4 Bd5 19. Nd2 Bb7 20. Kf1 h6
21. Bf3 Nd5 22. Nc4 b5 23. Na5 Ba8 24. a3 g5 25. h3 f5 26. b4 Kf7 27. Nb3 Bf6
28. Bxf6 Kxf6 29. Nbc5 N5b6 30. Be2 Nc4 31. a4 Ndb6 32. a5 Nd5 33. Nxa6 Ndxe3+
34. fxe3 Nxe3+ 35. Kg1 Nxd1 36. Rxd1 Rc2 37. Bf3 Be4 38. Nac5 Bxd3 39. Rxd3
Rxd3 40. Nxd3 e5 41. Bb7 e4 42. Nc5 Ke5 43. a6 Ra2 44. Bc6 h5 45. Bxb5 g4 46.
hxg4 hxg4 47. Bc4 Ra1+ 48. Kh2 f4 49. b5 f3 50. b6 Kf4 51. Nxe4 1-0

[Event "Tata Steel Masters 2019"]
[Site "Wijk aan Zee NED"]
[Date "2019.01.18"]
[Round "6"]
[White "Van Foreest, Jorden"]
[Black "Fedoseev, Vl3"]
[Result "1-0"]
[WhiteElo "2612"]
[BlackElo "2724"]
[PlyCount "91"]
[EventDate "2019.01.11"]

1. e4 d6 2. d4 Nf6 3. Nc3 g6 4. f4 Bg7 5. a3 Nc6 6. Nf3 O-O 7. Be2 d5 8. e5 Ne4
9. Bd3 f5 10. O-O e6 11. Be3 b6 12. Ng5 Nxg5 13. fxg5 f4 14. Rxf4 Rxf4 15. Bxf4
Nxd4 16. Bxg6 hxg6 17. Qxd4 Ba6 18. Qa4 Bb7 19. Bg3 Qxg5 20. Qd7 Qg4 21. Nb5
Rf8 22. Nxc7 Bc8 23. Qe7 Qf5 24. Qd6 Bh6 25. h3 Be3+ 26. Kh2 Bc5 27. Qc6 Qxc2
28. Qb5 Be7 29. Na6 d4 30. Nb4 Bxb4 31. Qxb4 Bb7 32. Rg1 d3 33. Qg4 d2 34.
Qxe6+ Kg7 35. Qd7+ Rf7 36. Qd4 Kg8 37. e6 Rf8 38. e7 Re8 39. Rd1 Qc6 40. Rxd2
Rxe7 41. Qg4 Qe4 42. Qg5 Rd7 43. Rf2 Rf7 44. Qd8+ Kg7 45. Bf4 Qd5 46. Qb8 1-0